000 00494pab a2200169 454500
008 180718b2013 xxu||||| |||| 00| 0 eng d
100 _aBhushan, Y.R.
245 _aAcademic retreat for trainers - alternative approaches and strategies of human resource development
260 _c2013
300 _ap.45-47.
362 _aJul-Sep
650 _aHuman resources development
650 _aTraining
773 _aIndian Journal of Training and Development
908 _aN
909 _a103151
999 _c103148
_d103148